[Event "RUS-chT 1L"]
[Site "Sochi RUS"]
[Date "2005.04.19"]
[Round "1"]
[White "Anisimov, Pavel"]
[Black "Chebotarev, Oleg"]
[Result "1/2-1/2"]
[WhiteElo "2476"]
[BlackElo "2480"]
[EventDate "2005.04.19"]
[PlyCount "63"]

1.e4 e6 2.d4 d5 3.Nd2 c5 4.Ngf3 Nf6 5.exd5 exd5 6.Bb5+ Bd7 7.Bxd7+ Nbxd7 
8.O-O Be7 9.dxc5 Nxc5 10.Nb3 Nce4 11.Nfd4 Qd7 12.f3 Nd6 13.Nc5 Qc8 14.Nd3 
O-O 15.Be3 Bd8 16.Bf2 Bb6 17.Qd2 Nc4 18.Qf4 Bc7 19.Qh4 Bd8 20.Qf4 Bc7 21.
Qf5 Qb8 22.Qh3 Re8 23.Rfe1 g6 24.Rxe8+ Qxe8 25.Re1 Qf8 26.Qh4 Bd8 27.Qg5 
h6 28.Qc1 Rc8 29.Re2 Nd7 30.Qe1 Bf6 31.c3 a6 32.Nf4 1/2-1/2

[Event "RUS-chT 1L"]
[Site "Sochi RUS"]
[Date "2005.04.19"]
[Round "1"]
[White "Askarov, Marat"]
[Black "Rychagov, Andrei"]
[Result "1/2-1/2"]
[WhiteElo "2455"]
[BlackElo "2525"]
[EventDate "2005.04.19"]
[PlyCount "37"]

1.c4 e6 2.g3 d5 3.Nf3 Nf6 4.Bg2 Be7 5.O-O O-O 6.d4 dxc4 7.Qc2 a6 8.Qxc4 b5
9.Qc2 Bb7 10.Bf4 Nc6 11.Nbd2 Nd5 12.Nb3 Nxf4 13.gxf4 Nb4 14.Qc3 Rc8 15.e3 
Nd5 16.Qc2 Nb4 17.Qc3 Nd5 18.Qc2 Nb4 19.Qc3 1/2-1/2

[Event "RUS-chT 1L"]
[Site "Sochi RUS"]
[Date "2005.04.19"]
[Round "1"]
[White "Babiy, Anatoly"]
[Black "Lugovoi, Alexei"]
[Result "1/2-1/2"]
[WhiteElo "2473"]
[BlackElo "2557"]
[EventDate "2005.04.19"]
[PlyCount "84"]

1.d4 Nf6 2.Nf3 e6 3.c4 d5 4.Nc3 c5 5.cxd5 Nxd5 6.e4 Nxc3 7.bxc3 cxd4 8.
cxd4 Bb4+ 9.Bd2 Bxd2+ 10.Qxd2 O-O 11.Bc4 Nc6 12.O-O b6 13.Rfe1 Bb7 14.Rad1
Qf6 15.d5 Na5 16.Bd3 exd5 17.exd5 Rfd8 18.Re5 g6 19.Bf1 Rac8 20.Qe3 Rc5 
21.Re8+ Rxe8 22.Qxe8+ Kg7 23.Qd7 Rc2 24.a4 Bc8 25.Qxa7 Bg4 26.Qb8 Nc4 27.
Bxc4 Bxf3 28.gxf3 Rxc4 29.Kg2 Rxa4 30.Qg3 h5 31.Qc7 h4 32.h3 Qg5+ 33.Kh2 
Ra2 34.Rf1 Qxd5 35.Qxb6 Rd2 36.Qb4 Rd4 37.Qc3 Kh7 38.Kg2 Qg5+ 39.Kh1 Qd5 
40.Kg2 Qg5+ 41.Kh1 Qd5 42.Kg2 Qg5+ 1/2-1/2

[Event "RUS-chT 1L"]
[Site "Sochi RUS"]
[Date "2005.04.19"]
[Round "1"]
[White "Balberov, Alexander"]
[Black "Vorobiov, Evgeny"]
[Result "1/2-1/2"]
[WhiteElo "2403"]
[BlackElo "2550"]
[EventDate "2005.04.19"]
[PlyCount "66"]

1.c4 Nf6 2.Nc3 c5 3.Nf3 d5 4.cxd5 Nxd5 5.g3 g6 6.Bg2 Bg7 7.O-O O-O 8.Nxd5 
Qxd5 9.d3 Nc6 10.Be3 Bd7 11.Nd4 Qd6 12.Nxc6 Bxc6 13.Bxc6 Qxc6 14.Rc1 Qd5 
15.Rxc5 Qxa2 16.b4 Qb2 17.Qd2 Qxd2 18.Bxd2 b6 19.Rc4 Rfd8 20.Rfc1 f5 21.
R1c2 Kf7 22.Rc7 a5 23.Ra2 axb4 24.Rxa8 Rxa8 25.Bxb4 Bf6 26.Rb7 Ra1+ 27.Kg2
Rb1 28.Bc5 Rb2 29.Rxb6 Rxe2 30.Be3 Re1 31.h4 Rd1 32.Rb3 Kg7 33.Kf3 Kf7 
1/2-1/2

[Event "RUS-chT 1L"]
[Site "Sochi RUS"]
[Date "2005.04.19"]
[Round "1"]
[White "Dobrov, Vladimir"]
[Black "Ayupov, Damir"]
[Result "1/2-1/2"]
[WhiteElo "2521"]
[BlackElo "2364"]
[EventDate "2005.04.19"]
[PlyCount "103"]

1.d4 Nf6 2.c4 g6 3.Nc3 d5 4.cxd5 Nxd5 5.e4 Nxc3 6.bxc3 Bg7 7.Nf3 c5 8.Rb1 
O-O 9.Be2 Nd7 10.O-O Nf6 11.Qc2 b6 12.dxc5 bxc5 13.Bf4 Be6 14.Rb5 a6 15.
Rxc5 Nd7 16.Rc6 Rc8 17.Rxc8 Qxc8 18.c4 Nc5 19.Be3 Qc6 20.e5 Qc7 21.Qc3 Rc8
22.Bd4 Bg4 23.Qe3 Bxf3 24.Bxf3 Ne6 25.Bb2 Qb8 26.Ba1 Rxc4 27.Bd5 Rc8 28.h4
Nc7 29.Be4 Ne6 30.f4 Nc5 31.Rb1 Qc7 32.Rc1 e6 33.Bd4 Bf8 34.h5 Qa5 35.hxg6
hxg6 36.Rc3 Rc7 37.Qc1 Qb4 38.Qe3 Qa5 39.Bc2 Nd7 40.Rxc7 Qxc7 41.Ba4 Nc5 
42.Qc3 Qb6 43.Bc2 Qb5 44.Kf2 Be7 45.Be3 Qc6 46.Qc4 Kg7 47.Ke1 Qxg2 48.Bxc5
Qc6 49.Be4 Qxc5 50.Qxc5 Bxc5 51.Ke2 g5 52.Kf3 1/2-1/2

[Event "RUS-chT 1L"]
[Site "Sochi RUS"]
[Date "2005.04.19"]
[Round "1"]
[White "Dvoirys, Semen"]
[Black "Ozgibtsev, Anatoly"]
[Result "1/2-1/2"]
[WhiteElo "2568"]
[BlackElo "2433"]
[EventDate "2005.04.19"]
[PlyCount "83"]

1.e4 e5 2.Nf3 Nf6 3.Nxe5 d6 4.Nf3 Nxe4 5.c4 Be7 6.d4 O-O 7.Bd3 Ng5 8.Nxg5 
Bxg5 9.Qh5 Re8+ 10.Kd1 h6 11.Bxg5 Qxg5 12.Qxg5 hxg5 13.Nc3 Bd7 14.Nd5 Na6 
15.Kd2 c5 16.h4 g4 17.dxc5 dxc5 18.Kc3 Bc6 19.Rhe1 Kf8 20.Bf5 g3 21.fxg3 
Rad8 22.Bg4 Bxd5 23.cxd5 Rxe1 24.Rxe1 Nb4 25.Bf3 Nxd5+ 26.Kc4 Nb4 27.Bxb7 
Nxa2 28.Kxc5 Rd2 29.b3 Rd3 30.Bc6 Rc3+ 31.Kd6 Rd3+ 32.Kc7 g6 33.Rf1 Nb4 
34.Rf3 Rd2 35.Bb7 Kg7 36.Rc3 Nd5+ 37.Bxd5 Rxd5 38.Kb7 a5 39.Kb6 f5 40.Kc6 
Re5 41.Kb6 Kh6 42.Rd3 1/2-1/2

[Event "RUS-chT 1L"]
[Site "Sochi RUS"]
[Date "2005.04.19"]
[Round "1"]
[White "Firman, Nazar"]
[Black "Lputian, Smbat"]
[Result "1/2-1/2"]
[WhiteElo "2471"]
[BlackElo "2640"]
[EventDate "2005.04.19"]
[PlyCount "99"]

1.e4 e6 2.d4 d5 3.Nc3 Bb4 4.e5 c5 5.a3 Ba5 6.b4 cxd4 7.Qg4 Kf8 8.Nb5 Bb6 
9.Nf3 Nc6 10.Bb2 f6 11.Nbxd4 Nxe5 12.Nxe5 fxe5 13.Nxe6+ Bxe6 14.Qxe6 Qf6 
15.Qxf6+ Nxf6 16.c4 Kf7 17.g3 Rhe8 18.c5 Bc7 19.Bb5 Re6 20.Ba4 b6 21.Rc1 
bxc5 22.Rxc5 Bb6 23.Rc2 Bd4 24.Bxd4 exd4+ 25.Kd2 Ra6 26.Bc6 Rb8 27.Ra1 
Rxb4 28.axb4 Rxa1 29.Kd3 Rd1+ 30.Rd2 Rc1 31.Rc2 Rxc2 32.Kxc2 Ke6 33.Kd3 
Kd6 34.Ba8 Ne8 35.Kxd4 Nc7 36.Bb7 Ne6+ 37.Kc3 Ke5 38.h4 Nd8 39.Ba8 Ke4 40.
b5 h5 41.Kb4 Ne6 42.Bc6 Nc7 43.Kc5 Kf3 44.Bxd5+ Kxf2 45.Bf7 Kxg3 46.Bxh5 
Ne6+ 47.Kc6 Kxh4 48.Bg6 Kg5 49.Bd3 Kf6 50.Bf1 1/2-1/2

[Event "RUS-chT 1L"]
[Site "Sochi RUS"]
[Date "2005.04.19"]
[Round "1"]
[White "Gavrilov, Alexei"]
[Black "Rodchenkov, Sergei"]
[Result "1-0"]
[WhiteElo "2244"]
[BlackElo "2359"]
[EventDate "2005.04.19"]
[PlyCount "47"]

1.e4 c5 2.c3 d5 3.exd5 Qxd5 4.d4 Nf6 5.Nf3 e6 6.Be3 cxd4 7.cxd4 Nc6 8.Nc3 
Qd6 9.a3 Be7 10.Bd3 O-O 11.O-O b6 12.Qe2 Bb7 13.Rad1 a6 14.Rfe1 b5 15.Bg5 
g6 16.Be4 Nxe4 17.Nxe4 Qd8 18.Bh6 Re8 19.d5 exd5 20.Rxd5 Qc8 21.Qd2 f6 22.
Rd7 Ne5 23.Nxe5 fxe5 24.Qd6 1-0

[Event "RUS-chT 1L"]
[Site "Sochi RUS"]
[Date "2005.04.19"]
[Round "1"]
[White "Gladyshev, Oleg"]
[Black "Soloviov, Sergei"]
[Result "1/2-1/2"]
[WhiteElo "2434"]
[BlackElo "2473"]
[EventDate "2005.04.19"]
[PlyCount "93"]

1.d4 Nf6 2.c4 g6 3.Nc3 Bg7 4.e4 d6 5.Be2 O-O 6.Nf3 e5 7.O-O Nc6 8.d5 Ne7 
9.Ne1 Nd7 10.Be3 f5 11.f3 f4 12.Bf2 g5 13.a4 a5 14.Nd3 b6 15.b4 axb4 16.
Nxb4 Nf6 17.Be1 Qd7 18.Nd3 Ng6 19.Nf2 h5 20.h3 Nh4 21.a5 Rf7 22.axb6 Rxa1 
23.Qxa1 cxb6 24.Qb2 Qd8 25.Na4 g4 26.fxg4 f3 27.gxf3 Nh7 28.Qxb6 Qf6 29.
Nd3 Ng5 30.Bxh4 Nxh3+ 31.Kg2 Qxh4 32.Qxd6 hxg4 33.fxg4 Rxf1 34.Kxf1 Qg3 
35.Qc5 Bxg4 36.Bxg4 Qxg4 37.d6 Qf3+ 38.Nf2 Nxf2 39.Qxf2 Qd1+ 40.Kg2 Qxa4 
41.Qe2 Qc6 42.Qd3 Qd7 43.c5 Qg4+ 44.Kf1 Qf4+ 45.Ke2 Qg4+ 46.Kf1 Qf4+ 47.
Kg2 1/2-1/2

[Event "RUS-chT 1L"]
[Site "Sochi RUS"]
[Date "2005.04.19"]
[Round "1"]
[White "Iskusnyh, Sergei"]
[Black "Yurtaev, Leonid"]
[Result "1/2-1/2"]
[WhiteElo "2474"]
[BlackElo "2515"]
[EventDate "2005.04.19"]
[PlyCount "99"]

1.d4 Nf6 2.c4 g6 3.Nc3 Bg7 4.e4 d6 5.Nf3 O-O 6.Be2 e5 7.Be3 exd4 8.Nxd4 
Re8 9.f3 c6 10.Bf2 d5 11.exd5 cxd5 12.O-O Nc6 13.c5 Bh6 14.Re1 Be3 15.Bxe3
Rxe3 16.Nxc6 bxc6 17.Qd4 Re6 18.b4 Qe7 19.Red1 Bb7 20.Bf1 Re8 21.Rac1 Nh5 
22.b5 Qg5 23.Qd2 Nf4 24.Kh1 cxb5 25.Rb1 Re3 26.Rxb5 Ba6 27.g3 Rxf3 28.Rbb1
d4 29.Qxd4 Bxf1 30.Rxf1 Ne6 31.Ne4 Nxd4 32.Nxg5 Rxf1+ 33.Rxf1 Re5 34.Nxf7 
Rxc5 35.Nd6 Rc2 36.a4 Ra2 37.Nb5 Rxa4 38.Nxd4 Rxd4 39.Ra1 Rd7 40.Kg2 Rf7 
41.g4 Kf8 42.Kg3 Ke8 43.h4 Kd8 44.h5 gxh5 45.gxh5 Kc8 46.Kg4 Kb7 47.Kg5 a6
48.Kh6 Ka7 49.Rg1 a5 50.Rg7 1/2-1/2

[Event "RUS-chT 1L"]
[Site "Sochi RUS"]
[Date "2005.04.19"]
[Round "1"]
[White "Khairullin, Ildar"]
[Black "Berezhevsky, Evgeny"]
[Result "1-0"]
[WhiteElo "2517"]
[BlackElo "2385"]
[EventDate "2005.04.19"]
[PlyCount "103"]

1.e4 c5 2.c3 Nf6 3.e5 Nd5 4.d4 cxd4 5.Nf3 Nc6 6.cxd4 d6 7.Bc4 Nb6 8.Bb5 
dxe5 9.Nxe5 Bd7 10.Nxd7 Qxd7 11.Nc3 e6 12.O-O Be7 13.Qg4 O-O 14.Bxc6 bxc6 
15.Bh6 Bf6 16.Rfd1 Kh8 17.Ne4 Qe7 18.Bg5 Bxg5 19.Qxg5 Qxg5 20.Nxg5 Kg8 21.
Rac1 Rac8 22.Rc5 Rfd8 23.Nf3 Rd5 24.Rc2 Nd7 25.Rdc1 Nb8 26.Rc4 f6 27.Rb4 
Kf7 28.Kf1 Ke7 29.Nd2 Nd7 30.Nb3 Rc7 31.Ke2 e5 32.dxe5 Rxe5+ 33.Kf1 c5 34.
Rbc4 Kd6 35.Nd2 Rb7 36.b3 Rd5 37.Ne4+ Kc6 38.b4 f5 39.Nxc5 Nxc5 40.Rxc5+ 
Rxc5 41.Rxc5+ Kd6 42.a3 g6 43.Ke2 Ke6 44.h4 Rd7 45.Ra5 Kd6 46.Ra6+ Kd5 47.
Kd3 Rc7 48.Ra5+ Kd6 49.Kd4 Rb7 50.Ra6+ Kd7 51.h5 g5 52.Ke5 1-0

[Event "RUS-chT 1L"]
[Site "Sochi RUS"]
[Date "2005.04.19"]
[Round "1"]
[White "Klimov, Sergey"]
[Black "Zontakh, Andrei"]
[Result "1/2-1/2"]
[WhiteElo "2490"]
[BlackElo "2535"]
[EventDate "2005.04.19"]
[PlyCount "85"]

1.e4 c6 2.d4 d5 3.Nc3 dxe4 4.Nxe4 Bf5 5.Ng3 Bg6 6.h4 h6 7.Nf3 Nd7 8.h5 Bh7
9.Bd3 Bxd3 10.Qxd3 e6 11.Bf4 Ngf6 12.O-O-O Be7 13.Kb1 O-O 14.Ne4 Nxe4 15.
Qxe4 Nf6 16.Qe2 Qd5 17.Ne5 Qe4 18.Qxe4 Nxe4 19.Rhe1 Nf6 20.g4 a5 21.f3 
Rfc8 22.c4 a4 23.Rc1 Kf8 24.Rc2 Rd8 25.Rd1 Ra5 26.Bg3 Bd6 27.Rcd2 Bb8 28.
Rd3 Ra6 29.Be1 b5 30.Bb4+ Ke8 31.Bc5 bxc4 32.Nxc4 Nd5 33.Re1 Kd7 34.Ne5+ 
Bxe5 35.dxe5 Rb8 36.Rg1 Ra5 37.Bd6 Rh8 38.g5 hxg5 39.Rxg5 Nf4 40.Rd4 Nxh5 
41.Rb4 Ra7 42.Bc5 Ra5 43.Bd6 1/2-1/2

[Event "RUS-chT 1L"]
[Site "Sochi RUS"]
[Date "2005.04.19"]
[Round "1"]
[White "Krutko, Anatoly"]
[Black "Bezgodov, Alexei"]
[Result "1/2-1/2"]
[WhiteElo "2358"]
[BlackElo "2555"]
[EventDate "2005.04.19"]
[PlyCount "39"]

1.e4 e5 2.Nf3 Nf6 3.Nxe5 d6 4.Nc4 Nxe4 5.d4 d5 6.Ne3 Qf6 7.Qe2 Be6 8.c3 c5
9.c4 cxd4 10.Nxd5 Bxd5 11.cxd5 Bb4+ 12.Bd2 Qe7 13.Bxb4 Qxb4+ 14.Nd2 Qxd2+ 
15.Qxd2 Nxd2 16.Kxd2 Ke7 17.Rc1 Kd6 18.Bc4 Nd7 19.Kd3 Ne5+ 20.Kxd4 1/2-1/2

[Event "RUS-chT 1L"]
[Site "Sochi RUS"]
[Date "2005.04.19"]
[Round "1"]
[White "Kurnosov, Igor"]
[Black "Pogromsky, Mikhail"]
[Result "1-0"]
[WhiteElo "2550"]
[BlackElo "2291"]
[EventDate "2005.04.19"]
[PlyCount "91"]

1.e4 Nf6 2.e5 Nd5 3.Nc3 e6 4.d4 d6 5.Ne4 Nc6 6.Nf3 dxe5 7.dxe5 Be7 8.c3 f5
9.exf6 Nxf6 10.Nxf6+ Bxf6 11.Qc2 Qe7 12.Bd3 g6 13.Be3 Bd7 14.Be4 a6 15.O-O
O-O 16.Rfe1 Rad8 17.Re2 b6 18.Rae1 Ne5 19.Bf4 Nxf3+ 20.Bxf3 Bc8 21.Bg3 Bh4
22.Be5 Bf6 23.Bg4 Bxe5 24.Rxe5 Rf6 25.Qe2 Kf7 26.h4 Rd6 27.h5 Qd8 28.Qc4 
Qe7 29.Bf3 Kg7 30.Qh4 Rf7 31.Rg5 Qf6 32.hxg6 h6 33.gxf7+ Qxg5 34.Qc4 c5 
35.Qe4 Kxf7 36.Qa8 Qd8 37.Re4 Ke7 38.Rh4 Qh8 39.Qe4 Kd8 40.Qe3 Kc7 41.b4 
cxb4 42.Rc4+ Kd7 43.cxb4 Qa1+ 44.Rc1 Qf6 45.Qe4 Qg7 46.Qa8 1-0

[Event "RUS-chT 1L"]
[Site "Sochi RUS"]
[Date "2005.04.19"]
[Round "1"]
[White "Lanin, Alexsej"]
[Black "Zimmerman, Yury"]
[Result "1/2-1/2"]
[WhiteElo "2407"]
[BlackElo "2366"]
[EventDate "2005.04.19"]
[PlyCount "79"]

1.e4 d6 2.d4 Nf6 3.Nc3 g6 4.Nf3 Bg7 5.Be2 O-O 6.O-O c6 7.Re1 Qc7 8.e5 Nd5 
9.exd6 Qxd6 10.Ne4 Qc7 11.Bg5 Nd7 12.c4 N7f6 13.Nxf6+ Nxf6 14.Qb3 h6 15.
Bh4 Be6 16.Bd3 Qc8 17.Rac1 Re8 18.d5 Bf5 19.Bxf5 Qxf5 20.Qxb7 cxd5 21.Rxe7
Rxe7 22.Qxa8+ Re8 23.Qxa7 dxc4 24.Bxf6 Bxf6 25.Qa4 Rc8 26.h3 Qf4 27.Qc2 
Kg7 28.Qd2 Qb8 29.Rc2 Qa7 30.a3 Bxb2 31.Qe3 Qxe3 32.fxe3 Bxa3 33.Kf2 f5 
34.Ke2 Be7 35.Nd2 c3 36.Nb1 Bf6 37.Kd3 Rd8+ 38.Ke2 Rc8 39.Kd3 Rd8+ 40.Ke2 
1/2-1/2

[Event "RUS-chT 1L"]
[Site "Sochi RUS"]
[Date "2005.04.19"]
[Round "1"]
[White "Maslak, Konstantin"]
[Black "Sambuev, Bator"]
[Result "1-0"]
[WhiteElo "2477"]
[BlackElo "2505"]
[EventDate "2005.04.19"]
[PlyCount "133"]

1.e4 e6 2.d4 d5 3.Nc3 Bb4 4.e5 b6 5.a3 Bf8 6.Bb5+ c6 7.Ba4 a5 8.Nce2 Ba6 
9.c3 Ne7 10.h4 Nd7 11.h5 h6 12.Nf4 Qc7 13.Bc2 c5 14.Be3 Nc6 15.Nge2 Be7 
16.Rc1 O-O 17.Rh3 Ncxe5 18.dxe5 Nxe5 19.Bb1 Qd6 20.Qc2 f5 21.Rd1 Rad8 22.
Ba2 c4 23.Nd4 Rf6 24.Bc1 Nd3+ 25.Nxd3 cxd3 26.Rdxd3 Bxd3 27.Qxd3 f4 28.Bb1
Bf8 29.Rh4 Rd7 30.Kf1 e5 31.Qh7+ Kf7 32.Bg6+ Rxg6 33.hxg6+ Qxg6 34.Qxg6+ 
Kxg6 35.Nf3 Kf6 36.Ke2 g5 37.Rh5 Bg7 38.Rh1 Kf5 39.Rd1 Bf6 40.Nd2 a4 41.c4
e4 42.f3 e3 43.Ne4 d4 44.g4+ Kg6 45.Nxf6 Kxf6 46.Kd3 Ke5 47.Rh1 Rd6 48.b4 
axb3 49.Bb2 Re6 50.Bxd4+ Kd6 51.Ke2 Kc6 52.Rb1 Rd6 53.Bc3 Rd7 54.Rxb3 Kc5 
55.Be1 Ra7 56.Rb5+ Kxc4 57.Rxb6 Rxa3 58.Rc6+ Kd4 59.Rd6+ Kc4 60.Rxh6 Ra2+ 
61.Kf1 Rb2 62.Rc6+ Kd3 63.Rd6+ Kc4 64.Rg6 Rh2 65.Rxg5 Kd3 66.Rd5+ Kc2 67.
Rh5 1-0

[Event "RUS-chT 1L"]
[Site "Sochi RUS"]
[Date "2005.04.19"]
[Round "1"]
[White "Miroshnichenko, Evgeny"]
[Black "Ionov, Sergei"]
[Result "0-1"]
[WhiteElo "2628"]
[BlackElo "2527"]
[EventDate "2005.04.19"]
[PlyCount "80"]

1.d4 Nf6 2.c4 e6 3.g3 c5 4.Nf3 cxd4 5.Nxd4 a6 6.Bg2 Qc7 7.b3 Bb4+ 8.Bd2 
Be7 9.Nc3 Nc6 10.e3 O-O 11.g4 d6 12.g5 Nd7 13.h4 Rb8 14.Nce2 Nxd4 15.Nxd4 
Nc5 16.Bc3 Bd7 17.Rc1 Rbc8 18.b4 Na4 19.Ba1 e5 20.Be4 d5 21.Bxd5 Bxb4+ 22.
Kf1 Nb6 23.Nb3 Ba3 24.Rc3 Bb4 25.Rc1 Nxd5 26.cxd5 Qd6 27.Kg2 f6 28.Rxc8 
Rxc8 29.Qd3 Bb5 30.Qe4 Rc4 31.Qf3 Bd7 32.e4 fxg5 33.a3 Bxa3 34.Nd2 Rc2 35.
Qd3 Ra2 36.Nc4 Qf6 37.Qf3 Bc5 38.Ne3 gxh4 39.Qxf6 gxf6 40.Kf3 h3 0-1

[Event "RUS-chT 1L"]
[Site "Sochi RUS"]
[Date "2005.04.19"]
[Round "1"]
[White "Nikolenko, Oleg"]
[Black "Isaevsky, Anton"]
[Result "1-0"]
[WhiteElo "2527"]
[BlackElo "2429"]
[EventDate "2005.04.19"]
[PlyCount "107"]

1.e4 c5 2.Nc3 Nc6 3.Nge2 Nf6 4.g3 d5 5.exd5 Nd4 6.Bg2 Bg4 7.h3 Bf3 8.Bxf3 
Nxf3+ 9.Kf1 Nd4 10.Nf4 h5 11.d3 g6 12.Ne4 Nxd5 13.c3 Nc6 14.Qe2 Bg7 15.
Nxc5 Nxf4 16.Bxf4 Qd5 17.Ne4 O-O-O 18.f3 h4 19.gxh4 Rxh4 20.Bg3 Rh5 21.Nf2
f5 22.d4 g5 23.Rd1 Rhh8 24.Kg2 f4 25.Bh2 Qxa2 26.Ng4 e6 27.Rhe1 Rd6 28.Bg1
Qd5 29.Ne5 Nxe5 30.dxe5 Qxe5 31.Qc4+ Rc6 32.Rxe5 Rxc4 33.Rxe6 Ra4 34.Rg6 
Rh7 35.Rxg5 b6 36.Re1 Bf6 37.Rg6 Bd8 38.Bd4 b5 39.Rg4 b4 40.cxb4 Rxb4 41.
Bc3 Rc4 42.Rg8 Rd7 43.Re4 Rc5 44.Rxf4 Kb7 45.Rd4 Rxd4 46.Bxd4 Rc2+ 47.Kg3 
Bc7+ 48.f4 a5 49.h4 Rd2 50.Bf6 Rd1 51.Bg5 Rh1 52.Kg4 a4 53.h5 Rf1 54.h6 
1-0

[Event "RUS-chT 1L"]
[Site "Sochi RUS"]
[Date "2005.04.19"]
[Round "1"]
[White "Obolenskikh, Dmitry"]
[Black "Gankin, Stanislav"]
[Result "1-0"]
[WhiteElo "2406"]
[BlackElo "2338"]
[EventDate "2005.04.19"]
[PlyCount "145"]

1.e4 d6 2.d4 Nf6 3.Nc3 e5 4.Nf3 Nbd7 5.Bc4 Be7 6.O-O O-O 7.a4 c6 8.a5 Qc7 
9.Re1 Qb8 10.Qe2 b5 11.axb6 axb6 12.Rxa8 Qxa8 13.d5 Bb7 14.dxc6 Bxc6 15.
Bg5 h6 16.Bh4 g5 17.Bg3 Nc5 18.Nd2 Ne6 19.Nb3 Nf4 20.Qe3 Qb7 21.f3 Bd8 22.
Bb5 Bxb5 23.Nxb5 Qc6 24.Bxf4 Qxb5 25.Bg3 Qc6 26.c3 Nh5 27.Qd3 Nf4 28.Bxf4 
gxf4 29.Rd1 Bc7 30.Na1 Ra8 31.Nc2 Ra2 32.Rb1 Qc5+ 33.Kh1 b5 34.Nb4 Ra7 35.
Qf1 Bb6 36.Nd5 Ra2 37.b4 Qf2 38.Qxf2 Bxf2 39.Nc7 Kf8 40.Nxb5 Ke7 41.Rd1 
Rc2 42.Nxd6 Rxc3 43.Nf5+ Ke8 44.Nxh6 Rb3 45.Ng4 Bh4 46.Nxe5 Rxb4 47.g3 
fxg3 48.hxg3 Bf6 49.Ng4 Bd4 50.Kg2 Ke7 51.Nh6 Be5 52.f4 Bc7 53.Rc1 Bb6 54.
Nf5+ Kd7 55.Rd1+ Ke8 56.Kf3 f6 57.Rd6 Bd8 58.Ra6 Kd7 59.Ra7+ Ke6 60.Ng7+ 
Kd6 61.Ne8+ Ke6 62.Ra6+ Kf7 63.Nd6+ Ke7 64.Kg4 Kd7 65.Nf7 Bc7 66.Rxf6 Rxe4
67.Kf5 Ra4 68.Ne5+ Ke8 69.g4 Bd8 70.Rh6 Bc7 71.Rh8+ Ke7 72.Rh7+ Kd8 73.g5 
1-0

[Event "RUS-chT 1L"]
[Site "Sochi RUS"]
[Date "2005.04.19"]
[Round "1"]
[White "Pokazanyev, Nikolai"]
[Black "Nevostruev, Vladimir"]
[Result "1/2-1/2"]
[WhiteElo "2380"]
[BlackElo "2481"]
[EventDate "2005.04.19"]
[PlyCount "89"]

1.e4 c5 2.c3 Nf6 3.e5 Nd5 4.d4 cxd4 5.Nf3 Nc6 6.Bc4 Nb6 7.Bb3 d5 8.exd6 
Qxd6 9.Na3 a6 10.O-O e6 11.cxd4 Be7 12.Be3 O-O 13.Ne5 Nxe5 14.dxe5 Qxd1 
15.Raxd1 Nd5 16.Bxd5 exd5 17.Rxd5 Be6 18.Rd2 Rfd8 19.Nc2 Rxd2 20.Bxd2 f6 
21.Nd4 Kf7 22.Nxe6 Kxe6 23.Re1 f5 24.Be3 Rc8 25.Re2 g5 26.g3 g4 27.Kg2 a5 
28.f4 gxf3+ 29.Kxf3 a4 30.Bf4 b5 31.h3 h5 32.a3 Rc4 33.Rd2 Bc5 34.Ke2 Re4+
35.Kf3 Rd4 36.Rc2 Rc4 37.Rd2 Bd4 38.Re2 b4 39.axb4 Rxb4 40.Bc1 Rb5 41.g4 
fxg4+ 42.hxg4 hxg4+ 43.Kxg4 Rxe5 44.Kf3 Kd5 45.Be3 1/2-1/2

[Event "RUS-chT 1L"]
[Site "Sochi RUS"]
[Date "2005.04.19"]
[Round "1"]
[White "Rogovsky, Vladimir"]
[Black "Makarov, Marat"]
[Result "1/2-1/2"]
[WhiteElo "2509"]
[BlackElo "2515"]
[EventDate "2005.04.19"]
[PlyCount "84"]

1.e4 c5 2.Nf3 d6 3.d4 Nf6 4.Nc3 cxd4 5.Nxd4 a6 6.Be2 e5 7.Nb3 Be7 8.O-O 
O-O 9.a4 Be6 10.Bf3 Nbd7 11.a5 Rc8 12.Re1 h6 13.Nd2 Rc5 14.Na4 Qxa5 15.b4 
Qxb4 16.Nxc5 Qxc5 17.Nb3 Qc7 18.Ba3 Rc8 19.Re2 Ne8 20.Rd2 Nb6 21.Na5 Nc4 
22.Nxc4 Qxc4 23.Qb1 Qc7 24.Bb4 Bg5 25.Rd1 Qxc2 26.Bxd6 Nxd6 27.Rxd6 Qc3 
28.Rd1 Qc7 29.h3 Be7 30.Bg4 Bxg4 31.hxg4 Bc5 32.Rd5 Bd4 33.Ra2 Qc1+ 34.
Qxc1 Rxc1+ 35.Kh2 Rc7 36.Rd8+ Kh7 37.f4 Kg6 38.g3 Kf6 39.Re8 Re7 40.Rd8 
Rc7 41.Re8 Re7 42.Rd8 Rc7 1/2-1/2

[Event "RUS-chT 1L"]
[Site "Sochi RUS"]
[Date "2005.04.19"]
[Round "1"]
[White "Sambuev, Bator"]
[Black "Klimov, Sergey"]
[Result "1-0"]
[WhiteElo "2505"]
[BlackElo "2490"]
[EventDate "2005.04.19"]
[PlyCount "81"]

1.d4 Nf6 2.c4 g6 3.Nc3 Bg7 4.e4 O-O 5.Nf3 d6 6.Be2 e5 7.O-O Na6 8.Be3 h6 
9.dxe5 Ng4 10.Qc1 Nxe3 11.Qxe3 dxe5 12.c5 Nb4 13.Rad1 Bd7 14.Rd2 Qc8 15.
Rfd1 Be6 16.Nd5 Nc6 17.Bb5 Kh7 18.Bxc6 bxc6 19.Nb4 Qe8 20.h4 a5 21.Nd3 
Bxa2 22.h5 Bb3 23.Rc1 a4 24.g3 g5 25.g4 Qe6 26.Nh2 Rfd8 27.Ne1 Rd7 28.Rc3 
Rad8 29.Rcd3 Rd4 30.Nef3 Rxd3 31.Rxd3 Rxd3 32.Qxd3 Qc4 33.Qe3 Qc2 34.Kg2 
Qxb2 35.Nxg5+ hxg5 36.Qxg5 Be6 37.Nf3 Qe2 38.h6 Bxh6 39.Qxe5 Bxg4 40.Nd4 
Be3 41.Nxe2 1-0

[Event "RUS-chT 1L"]
[Site "Sochi RUS"]
[Date "2005.04.19"]
[Round "1"]
[White "Shkurikhin, Ilia"]
[Black "Kron, Valentin"]
[Result "1-0"]
[WhiteElo "2284"]
[BlackElo "2439"]
[EventDate "2005.04.19"]
[PlyCount "85"]

1.d4 d5 2.c4 e6 3.Nc3 Nf6 4.Bg5 Be7 5.Nf3 O-O 6.e3 h6 7.Bh4 Ne4 8.Bxe7 
Qxe7 9.Rc1 Nxc3 10.Rxc3 c6 11.Bd3 Nd7 12.Bb1 Re8 13.O-O g6 14.a3 a5 15.Re1
Rd8 16.Qc1 dxc4 17.e4 Kh7 18.Rxc4 e5 19.d5 c5 20.a4 b6 21.Rc3 Nf6 22.Nd2 
Ne8 23.Nc4 Rb8 24.f4 f6 25.fxe5 fxe5 26.Rf1 Ba6 27.Rcf3 Ng7 28.Rf7 Qe8 29.
Bd3 Qxa4 30.Qc3 Rg8 31.Nxe5 Bxd3 32.Qxd3 Rgd8 33.Nc6 Rg8 34.Nxb8 Rxb8 35.
e5 Kg8 36.d6 Rd8 37.d7 Nf5 38.e6 Qh4 39.R7xf5 gxf5 40.Qd6 Qf6 41.e7 Qxd6 
42.exd8=Q+ Kg7 43.Qe8 1-0

[Event "RUS-chT 1L"]
[Site "Sochi RUS"]
[Date "2005.04.19"]
[Round "1"]
[White "Shomoev, Anton"]
[Black "Kolesnikov, Evgeny"]
[Result "0-1"]
[WhiteElo "2540"]
[BlackElo "2328"]
[EventDate "2005.04.19"]
[PlyCount "110"]

1.e4 c5 2.Nf3 e6 3.d4 cxd4 4.Nxd4 a6 5.Bd3 Nf6 6.O-O Qc7 7.Qe2 b5 8.a4 b4 
9.e5 Nd5 10.c4 Ne7 11.f4 Bb7 12.Nd2 Nbc6 13.N4b3 Na5 14.Nxa5 Qxa5 15.Nb3 
Qc7 16.Be3 Ng6 17.Qf2 Rc8 18.Bb6 Qb8 19.Na5 Be7 20.Rad1 Nh4 21.Nxb7 Qxb7 
22.a5 O-O 23.Rfe1 Qc6 24.Re3 Ng6 25.b3 d5 26.cxd5 Qxd5 27.Be2 Qb7 28.Red3 
Rc2 29.Rd7 Qc6 30.g3 Qc3 31.R7d3 Qb2 32.Bd4 Qa3 33.Ra1 Ra2 34.Rxa2 Qxa2 
35.Bb6 Rc8 36.Bf1 Qb1 37.Qf3 Rc1 38.h4 Bf8 39.Qe2 Ne7 40.Rf3 Nd5 41.Qxa6 
Rc3 42.Rd3 Nxb6 43.Rxc3 bxc3 44.axb6 c2 45.b7 Qxb3 46.Qc6 Qxg3+ 47.Kh1 
Qxh4+ 48.Kg2 Qg4+ 49.Kh1 Qd1 50.Qxc2 Qxc2 51.b8=Q Qe4+ 52.Bg2 Qe1+ 53.Kh2 
Qh4+ 54.Kg1 Qxf4 55.Bc6 Qc1+ 0-1

[Event "RUS-chT 1L"]
[Site "Sochi RUS"]
[Date "2005.04.19"]
[Round "1"]
[White "Sokolov, Dmitri"]
[Black "Kornev, Alexei"]
[Result "0-1"]
[WhiteElo "2398"]
[BlackElo "2565"]
[EventDate "2005.04.19"]
[PlyCount "92"]

1.e4 c6 2.d4 d5 3.Nc3 dxe4 4.Nxe4 Bf5 5.Ng3 Bg6 6.Nf3 Nd7 7.h4 h6 8.h5 Bh7
9.Bd3 Bxd3 10.Qxd3 e6 11.Bd2 Ngf6 12.O-O-O Qc7 13.Ne4 O-O-O 14.g3 Nxe4 15.
Qxe4 Bd6 16.c4 Rhe8 17.Bc3 f5 18.Qc2 Nf6 19.c5 Bf8 20.Qa4 Qb8 21.Ne5 Rd5 
22.Rhe1 Ne4 23.Nxc6 bxc6 24.Qxc6+ Kd8 25.Ba5+ Ke7 26.f3 Rc8 27.Qa6 Nxc5 
28.dxc5 Rdxc5+ 29.Kb1 R8c6 30.Qd3 Kf7 31.Qd7+ Kg8 32.Rxe6 Rc2 33.b4 Rc8 
34.Rg6 Qe5 35.Qd5+ Qxd5 36.Rxd5 Rf2 37.f4 Rcc2 38.Re6 Rb2+ 39.Kc1 Rxa2 40.
Kb1 Rfb2+ 41.Kc1 Rh2 42.Kb1 Rag2 43.Re1 Be7 44.Rd3 Rb2+ 45.Kc1 Ra2 46.Rb3 
Bf6 0-1

[Event "RUS-chT 1L"]
[Site "Sochi RUS"]
[Date "2005.04.19"]
[Round "1"]
[White "Sveshnikov, Evgeny"]
[Black "Ogloblin, Nikolay"]
[Result "1/2-1/2"]
[WhiteElo "2499"]
[BlackElo "2424"]
[EventDate "2005.04.19"]
[PlyCount "96"]

1.e4 c5 2.c3 Nf6 3.e5 Nd5 4.Nf3 e6 5.Bc4 d6 6.d4 cxd4 7.cxd4 Nb6 8.Bd3 Bd7
9.Bg5 Be7 10.Bxe7 Qxe7 11.Nc3 Bc6 12.O-O N8d7 13.Ne4 Bxe4 14.Bxe4 d5 15.
Bd3 O-O 16.Rc1 Rfc8 17.Qb3 Qd8 18.h4 Rxc1 19.Rxc1 Rc8 20.Rb1 Qe7 21.a3 Nb8
22.Qd1 h6 23.Qe2 N6d7 24.g4 Nf8 25.Kg2 Nc6 26.Qe3 Rc7 27.Kg3 Na5 28.Nd2 
Qd8 29.h5 Nc6 30.f4 g5 31.Nf3 f6 32.exf6 Qxf6 33.fxg5 hxg5 34.Rf1 Qg7 35.
Qxg5 Qxg5 36.Nxg5 Nxd4 37.h6 e5 38.h7+ Nxh7 39.Bxh7+ Rxh7 40.Nxh7 Kxh7 41.
Rf7+ Kg6 42.Rxb7 a5 43.Rd7 Ne2+ 44.Kf3 Nf4 45.b4 axb4 46.axb4 Kf6 47.b5 
Ke6 48.Rc7 d4 1/2-1/2

[Event "RUS-chT 1L"]
[Site "Sochi RUS"]
[Date "2005.04.19"]
[Round "1"]
[White "Torbin, Kirill"]
[Black "Gabrielian, Artur"]
[Result "0-1"]
[WhiteElo "2360"]
[BlackElo "2481"]
[EventDate "2005.04.19"]
[PlyCount "61"]

1.d4 Nf6 2.Nf3 g6 3.c4 Bg7 4.g3 O-O 5.Bg2 d5 6.cxd5 Nxd5 7.O-O c5 8.e4 Nf6
9.e5 Nd5 10.dxc5 Na6 11.a3 Nxc5 12.b4 Ne6 13.Bb2 b6 14.Qb3 Bb7 15.Rd1 Qd7 
16.Nc3 Rad8 17.Rd3 Nec7 18.Rad1 e6 19.Ne4 Qe7 20.Nd6 Ba8 21.b5 a5 22.h4 h6
23.Nd2 f5 24.N2c4 f4 25.Be4 g5 26.h5 g4 27.R3d2 Qg5 28.Bg6 fxg3 29.fxg3 
Rf3 30.Rd3 Nf4 31.gxf4 0-1